ENGINEERING PHYSICS (Record no. 216861)
[ view plain ]
| 000 -LEADER | |
|---|---|
| fixed length control field | 00416nam a22001697a 4500 |
| 008 - FIXED-LENGTH DATA ELEMENTS--GENERAL INFORMATION | |
| fixed length control field | 260323b |||||||| |||| 00| 0 eng d |
| 020 ## - INTERNATIONAL STANDARD BOOK NUMBER | |
| International Standard Book Number | 978-81-19364-80-0 |
| 100 ## - MAIN ENTRY--PERSONAL NAME | |
| Personal name | MARIKANI A. |
| 245 ## - TITLE STATEMENT | |
| Title | ENGINEERING PHYSICS |
| 250 ## - EDITION STATEMENT | |
| Edition statement | 4TH ED. |
| 260 ## - PUBLICATION, DISTRIBUTION, ETC. | |
| Place of publication, distribution, etc. | NEW DELHI |
| Name of publisher, distributor, etc. | PHI LEARNING |
| Date of publication, distribution, etc. | 2025 |
| 300 ## - PHYSICAL DESCRIPTION | |
| Extent | XVII,289P. |
| 500 ## - GENERAL NOTE | |
| General note | INCLUDES AN INDEX |
| 650 ## - SUBJECT ADDED ENTRY | |
| Topical term or geographic name entry element | PHYSICS |
| 942 ## - ADDED ENTRY ELEMENTS (KOHA) | |
| Source of classification or shelving scheme | Library of Congress Classification |
| Koha item type | Long Loan Book |
| Withdrawn status | Lost status | Source of classification or shelving scheme | Damaged status | Not for loan | Collection | Home library | Current library | Shelving location | Date acquired | Inventory number | Total checkouts | Full call number | Barcode | Date last seen | Copy number | Price effective from | Koha item type |
|---|---|---|---|---|---|---|---|---|---|---|---|---|---|---|---|---|---|
| Library of Congress Classification | Science & Technology | Kisii University Library | Kisii University Library | On Display | 03/23/2026 | 112495 | QC 23 .M37 2025 | A000694 | 03/23/2026 | 1 | 03/23/2026 | Long Loan Book | |||||
| Library of Congress Classification | Science & Technology | Kisii University Library | Kisii University Library | On Display | 03/23/2026 | 112496 | QC 23 .M37 2025 | A000692 | 03/23/2026 | 2 | 03/23/2026 | Long Loan Book | |||||
| Library of Congress Classification | Science & Technology | Kisii University Library | Kisii University Library | On Display | 03/23/2026 | 112497 | QC 23 .M37 2025 | A000691 | 03/23/2026 | 3 | 03/23/2026 | Long Loan Book | |||||
| Library of Congress Classification | Science & Technology | Kisii University Library | Kisii University Library | On Display | 03/23/2026 | 112498 | QC 23 .M 37 2025 | A000690 | 03/23/2026 | 4 | 03/23/2026 | Long Loan Book |